00371nam a22001457a 450000500170000000800410001702000130005804100130007108200130008410000130009724500280011026000360013830000250017465000260019920240408063428.0240408b |||||||| |||| 00| 0 eng d a0258249X aEnglish  a349 IND  lEnglish  aIndustrial Law Journal  aCape Town : bJUTA Law, c2002  b258 pages ;c25 cm.  aLegal practice bLaw